| 000 | 00416nam a2200157Ia 4500 | ||
|---|---|---|---|
| 005 | 20250627025318.0 | ||
| 008 | 240331s9999 xx 000 0 und d | ||
| 020 | _a9552001889 | ||
| 082 |
_bMIR _a891 |
||
| 100 | _aMirendo,A.M | ||
| 245 | 0 | _a17-18 siyawashi sinhala sahithyaya | |
| 260 |
_aColombo _bS. Godage & Brothers _c1988 |
||
| 300 | _a206 p ., | ||
| 500 | _aSinhala Literature of the 20th century | ||
| 942 | _cL | ||
| 999 |
_c4831 _d4831 |
||